| 000 | 00378nam a2200169Ia 4500 | ||
|---|---|---|---|
| 008 | 210210b1959 xxu||||| |||| 00| 0 eng d | ||
| 041 | _aeng | ||
| 082 | _a535/130 | ||
| 100 | _aSOMERVILLE (J M) | ||
| 245 | _aElectric arc | ||
| 260 |
_aLondon _bMethuen Co Ltd. _c1959 |
||
| 300 | _a150 | ||
| 650 | _aElectric | ||
| 650 | _aarc | ||
| 690 | _aElectricity | ||
| 906 | _a008748 | ||
| 999 |
_c127520 _d127520 |
||